Cars from the 1960's - Statistics

General Stats
  • This quiz has been taken 18 times
  • The average score is 8 of 16
Answer Stats
Picture Answer % Correct
Aston Martin DB5
100%
Ford GT40
89%
Lamborghini Miura
78%
Ford Mustang
72%
Jaguar E-Type
72%
Ferrari 250 GTO
67%
Citroën DS
61%
Alpine A110
44%
Corvette Stingray
44%
Ferrari 330 P4
33%
Lamborghini 350 GT
33%
Volkswagen Combi
28%
Alfa Romeo 33S
22%
Bizzarrini 5300 GT
17%
Renault R8
17%
Shelby AC Cobra 427
17%
No matching quizzes found
Score Distribution
Percent of People with Each Score
Percentile by Number Answered
Your Score History
You have not taken this quiz